[Event "Las Tunas Guerrero Memorial-D"]
[Site "Las Tunas"]
[Date "2020.02.16"]
[Round "1.1"]
[White "Uliver Laguna, Adner"]
[Black "Venzant Batista, Marcia Camila"]
[Result "0-1"]
[WhiteElo "1857"]
[BlackElo "1987"]
[PlyCount "91"]
[EventDate "2020.02.16"]
[EventType "tourn"]
[EventRounds "10"]
[EventCountry "CUB"]
[SourceTitle "EXT 2023"]
[Source "ChessBase"]
[SourceDate "2022.10.05"]
[SourceVersion "1"]
[SourceVersionDate "2022.10.05"]
[SourceQuality "1"]

1. e4 e6 2. Qe2 c5 3. Nf3 Nc6 4. c3 Nf6 5. d3 Be7 6. g3 b6 7. Nbd2 Ba6 8. a3 d6 9. Bg2 0-0 10. 0-0 Qc7 11. Rd1 Rad8 12. Rb1 Nd7 13. b4 cxb4 14. axb4 Nce5 15. b5 Bb7 16. Bb2 a6 17. bxa6 Bxa6 18. c4 Bf6 19. Ne1 Nc6 20. Bxf6 Nxf6 21. Nef3 e5 22. h3 Nd7 23. Nb3 Nc5 24. Rdc1 Ne6 25. Qe3 Rb8 26. Rb2 Rfc8 27. Bf1 Qd8 28. d4 exd4 29. Nbxd4 Ncxd4 30. Nxd4 Qf6 31. Rd2 Nxd4 32. Qxd4 Qxd4 33. Rxd4 Rc6 34. Rcd1 Kf8 35. Rxd6 Rbc8 36. Rxc6 Rxc6 37. Rd4 Ke7 38. f4 Rd6 39. Rxd6 Kxd6 40. c5+ Kxc5 41. Bxa6 b5 42. Kf2 Kb6 43. Bc8 b4 44. Ke3 h5 45. Kd4 Ka5 46. Bd7 0-1